header

The artificial ear (Record no. 191670)

MARC details
000 -LEADER
fixed length control field 01275nam a2200313Ia 4500
082 04 - DEWEY DECIMAL CLASSIFICATION NUMBER
Classification number 617.8/8220592
100 1# - MAIN ENTRY--AUTHOR NAME
Personal name Blume, Stuart S.,
245 14 - TITLE STATEMENT
Title The artificial ear
260 ## - PUBLICATION, DISTRIBUTION, ETC. (IMPRINT)
Place of publication New Brunswick, N.J. :
Name of publisher Rutgers University Press,
Year of publication c2010.
300 ## - PHYSICAL DESCRIPTION
Number of Pages x, 226 p.
650 #0 - SUBJECT ADDED ENTRY--TOPICAL TERM
Topical Term Cochlear implants
Topical Term Cochlear implants
856 40 - ELECTRONIC LOCATION AND ACCESS
Uniform Resource Identifier http://site.ebrary.com/lib/rucke/Doc?id=10393230

No items available.

© 2026 Rongo University
Contact us: librarian | system librarian | Rongo university